| 000 | 01011nam0a22002531 4500 | ||
|---|---|---|---|
| 001 | rc\3455170 | ||
| 005 | 20260406165250.0 | ||
| 021 |
_aRU _b[70-55046] |
||
| 035 | _a(NLR Aleph) 007893441 | ||
| 090 |
_a7992596 _c7992595 |
||
| 100 | _a20130115d1970 |||y0rusy50 ca | ||
| 101 | 0 | _arus | |
| 102 | _aRU | ||
| 105 | _ay z ||||| | ||
| 200 | 1 |
_aОсновные показатели развития сельского хозяйства Эстонской ССР _fЦСУ при Совете Министров ЭССР. М-во сел. хоз-ва ЭССР. Упр. науч.-техн. информации |
|
| 210 |
_aТаллин _cБ. и. _d1970 |
||
| 215 |
_a30 с. _d20 |
||
| 606 |
_aСельское хозяйство _yЭССР _jСтатистика _2psbo |
||
| 712 | 0 | 1 |
_aЭССР _bЦентральное статистическое управление _3RU\NLR\AUTH\889936659 _9368122 |
| 801 | 0 |
_aRU _bNLR _gpsbo |
|
| 801 | 1 |
_aRU _bELAR _2rusmarc |
|
| 852 |
_aNLR _j70-4/16252 |
||
| 942 | _cBOOK | ||
| 980 | _aNB | ||